Wound Care : (Record no. 13553)
[ view plain ]
| 000 -LEADER | |
|---|---|
| fixed length control field | 02073cam a22003977a 4500 |
| 001 - CONTROL NUMBER | |
| control field | 15876686 |
| 005 - DATE AND TIME OF LATEST TRANSACTION | |
| control field | 20100223070420.0 |
| 008 - FIXED-LENGTH DATA ELEMENTS--GENERAL INFORMATION | |
| fixed length control field | 090821s2010 paua |rb 001 0 eng d |
| 010 ## - LIBRARY OF CONGRESS CONTROL NUMBER | |
| LC control number | 2009280720 |
| 015 ## - NATIONAL BIBLIOGRAPHY NUMBER | |
| National bibliography number | GBA939809 |
| Source | bnb |
| 016 7# - NATIONAL BIBLIOGRAPHIC AGENCY CONTROL NUMBER | |
| Record control number | 015117313 |
| Source | Uk |
| 020 ## - INTERNATIONAL STANDARD BOOK NUMBER | |
| International Standard Book Number | 9781605472379 (pbk.) |
| 020 ## - INTERNATIONAL STANDARD BOOK NUMBER | |
| International Standard Book Number | 1605472379 (pbk.) |
| 035 ## - SYSTEM CONTROL NUMBER | |
| System control number | (OCoLC)ocn244418543 |
| 040 ## - CATALOGING SOURCE | |
| Original cataloging agency | BTCTA |
| Transcribing agency | BTCTA |
| Modifying agency | BAKER |
| -- | YDXCP |
| -- | UKM |
| -- | MMU |
| -- | MEU |
| -- | DLC |
| 042 ## - AUTHENTICATION CODE | |
| Authentication code | lccopycat |
| 050 00 - LIBRARY OF CONGRESS CALL NUMBER | |
| Classification number | RD93 |
| Item number | .W683 2010 |
| 082 04 - DEWEY DECIMAL CLASSIFICATION NUMBER | |
| Classification number | 617.1 |
| Edition number | 22 |
| Item number | WOU |
| 245 00 - TITLE STATEMENT | |
| Title | Wound Care : |
| Remainder of title | An Incredibly Visual! Pocket guide/ |
| Statement of responsibility, etc | Lippincott Williams & Wilkins |
| 260 ## - PUBLICATION, DISTRIBUTION, ETC. (IMPRINT) | |
| Place of publication, distribution, etc | Philadelphia, Pa. : |
| Name of publisher, distributor, etc | Wolters Kluwer/Lippincott Williams & Wilkins, 2010 |
| Date of publication, distribution, etc | c2010. |
| 300 ## - PHYSICAL DESCRIPTION | |
| Extent | v, 314 p. : |
| Other physical details | col. ill. ; |
| Dimensions | 21 cm. |
| 490 1# - Series Statement | |
| Series statement | Incredibly Visual |
| 504 ## - BIBLIOGRAPHY, ETC. NOTE | |
| Bibliography, etc | Includes bibliographical references (p. 305-306) and index. |
| 505 0# - FORMATTED CONTENTS NOTE | |
| Formatted contents note | Skin anatomy and physiology -- Wound healing -- Wound assessment -- Wound care procedures -- Acute wounds -- Pressure ulcers -- Vascular ulcers -- Diabetic foot ulcers -- Malignant wounds -- Atypical wounds -- Wound care products. |
| 650 #0 - SUBJECT ADDED ENTRY--TOPICAL TERM | |
| Topical term or geographic name as entry element | Wounds and injuries |
| Form subdivision | Handbooks, manuals, etc. |
| 9 (RLIN) | 12099 |
| 650 #0 - SUBJECT ADDED ENTRY--TOPICAL TERM | |
| Topical term or geographic name as entry element | Wounds and injuries |
| General subdivision | Treatment |
| Form subdivision | Handbooks, manuals, etc. |
| 9 (RLIN) | 12100 |
| 650 12 - SUBJECT ADDED ENTRY--TOPICAL TERM | |
| Topical term or geographic name as entry element | Wounds and Injuries |
| General subdivision | nursing |
| Form subdivision | Handbooks. |
| 9 (RLIN) | 12101 |
| 650 22 - SUBJECT ADDED ENTRY--TOPICAL TERM | |
| Topical term or geographic name as entry element | Wound Healing |
| General subdivision | physiology |
| Form subdivision | Handbooks. |
| 9 (RLIN) | 12102 |
| 650 22 - SUBJECT ADDED ENTRY--TOPICAL TERM | |
| Topical term or geographic name as entry element | Wounds and Injuries |
| General subdivision | therapy |
| Form subdivision | Handbooks. |
| 9 (RLIN) | 12103 |
| 710 ## - ADDED ENTRY--CORPORATE NAME | |
| 9 (RLIN) | 12098 |
| Corporate name or jurisdiction name as entry element | Lippincott Williams & Wilkins. |
| 830 #0 - SERIES ADDED ENTRY--UNIFORM TITLE | |
| Uniform title | Incredibly visual. |
| 9 (RLIN) | 12104 |
| 942 ## - ADDED ENTRY ELEMENTS (KOHA) | |
| Source of classification or shelving scheme | Dewey Decimal Classification |
| Item type | |
| Withdrawn status | Item status | Source of classification or shelving scheme | Damaged status | Not for loan | Vendor | Home library | Current library | Shelving location | Date acquired | Source of acquisition | Cost, normal purchase price | Serial Enumeration / chronology | Total Checkouts | Total Renewals | Full call number | Barcode | Date last seen | Date last borrowed | Koha item type |
|---|---|---|---|---|---|---|---|---|---|---|---|---|---|---|---|---|---|---|---|
| Dewey Decimal Classification | Academic Bookshop | Central Library | Central Library | First floor | 01/03/2010 | 180.00 | 3698 | 6 | 7 | 617.1 WOU | 000020031 | 15/07/2025 | 28/03/2017 | Book - Borrowing | |||||
| Dewey Decimal Classification | Academic Bookshop | Central Library | Central Library | First floor | 03/03/2010 | 180.00 | 3698 | 12 | 44 | 617.1 WOU | 000020080 | 15/07/2025 | 30/11/2024 | Book - Borrowing |